| 000 | 00621nam a2200229Ia 4500 | ||
|---|---|---|---|
| 003 | OSt | ||
| 005 | 20220928130907.0 | ||
| 006 | a|||||r|||| 00| 0 | ||
| 007 | ta | ||
| 008 | 220927b |||||||| |||| 00| 0 eng d | ||
| 024 | _a37415 | ||
| 037 | _cTextual | ||
| 040 |
_aSDCL _cSDCL _beng |
||
| 041 |
_2eng _aeng |
||
| 082 | _aQ6:20a0, M2 | ||
| 100 |
_aFrye Northrop _9476464 |
||
| 245 | 0 |
_aGreat code _bThe bible and literature. |
|
| 260 |
_aLondon _bRoutledge and Kegan Paul _c1982 |
||
| 300 |
_axxiii,261p. _ccm. |
||
| 942 |
_hQ6:20a0, M2 _cTEXL _2CC |
||
| 999 |
_c788956 _d788956 |
||